MyGZULibrary

Principles of economics / (Record no. 1288)

MARC details
000 -LEADER
fixed length control field 01297cam a22003494a 4500
001 - CONTROL NUMBER
control field 13049159
003 - CONTROL NUMBER IDENTIFIER
control field GZU
005 - DATE AND TIME OF LATEST TRANSACTION
control field 20201005102913.0
008 - FIXED-LENGTH DATA ELEMENTS--GENERAL INFORMATION
fixed length control field 030106s2004 maua b 001 0 eng
010 ## - LIBRARY OF CONGRESS CONTROL NUMBER
LC control number 2003041272
020 ## - INTERNATIONAL STANDARD BOOK NUMBER
International Standard Book Number 0072503300 (alk. paper)
020 ## - INTERNATIONAL STANDARD BOOK NUMBER
International Standard Book Number 0071214593 (international : alk. paper)
040 ## - CATALOGING SOURCE
Original cataloging agency DLC
Transcribing agency DLC
Modifying agency DLC
042 ## - AUTHENTICATION CODE
Authentication code pcc
050 00 - LIBRARY OF CONGRESS CALL NUMBER
Classification number HB171.5
Item number .F734 2004
082 00 - DEWEY DECIMAL CLASSIFICATION NUMBER
Classification number 330
Edition number 21
100 1# - MAIN ENTRY--PERSONAL NAME
Personal name Frank, Robert H.
245 10 - TITLE STATEMENT
Title Principles of economics /
Statement of responsibility, etc. Robert H. Frank, Ben S. Bernanke.
246 30 - VARYING FORM OF TITLE
Title proper/short title Economics
250 ## - EDITION STATEMENT
Edition statement 2nd ed.
260 ## - PUBLICATION, DISTRIBUTION, ETC.
Place of publication, distribution, etc. Boston, Mass. :
Name of publisher, distributor, etc. McGraw-Hill,
Date of publication, distribution, etc. c2004.
300 ## - PHYSICAL DESCRIPTION
Extent xl, 813, [37] p. :
Other physical details ill. ;
Dimensions 28 cm.
500 ## - GENERAL NOTE
General note Various multi-media instructional aids, including web sites, are available to supplement the text.
504 ## - BIBLIOGRAPHY, ETC. NOTE
Bibliography, etc. note Includes bibliographical references and index.
650 #0 - SUBJECT ADDED ENTRY--TOPICAL TERM
Topical term or geographic name entry element Economics.
700 1# - ADDED ENTRY--PERSONAL NAME
Personal name Bernanke, Ben.
856 42 - ELECTRONIC LOCATION AND ACCESS
Materials specified Publisher description
Uniform Resource Identifier <a href="http://www.loc.gov/catdir/description/mh031/2003041272.html">http://www.loc.gov/catdir/description/mh031/2003041272.html</a>
856 41 - ELECTRONIC LOCATION AND ACCESS
Materials specified Table of contents
Uniform Resource Identifier <a href="http://www.loc.gov/catdir/toc/mh031/2003041272.html">http://www.loc.gov/catdir/toc/mh031/2003041272.html</a>
906 ## - LOCAL DATA ELEMENT F, LDF (RLIN)
a 7
b cbc
c orignew
d 1
e ocip
f 20
g y-gencatlg
942 ## - ADDED ENTRY ELEMENTS (KOHA)
Source of classification or shelving scheme Library of Congress Classification
Koha item type Books
Edition 2nd
Classification part 171.5
Item part FRA
Call number prefix HB
Holdings
Withdrawn status Lost status Source of classification or shelving scheme Damaged status Not for loan Collection code Home library Current library Shelving location Date acquired Total Checkouts Full call number Barcode Date last seen Copy number Price effective from Koha item type Date last checked out Inventory number
    Library of Congress Classification     Non-fiction City Campus Library City Campus Library General Stacks 10/05/2020   HB 171.5 FRA 2004 B018125 10/05/2020 C-1 10/05/2020 Books    
    Library of Congress Classification     Non-fiction City Campus Library City Campus Library General Stacks 10/05/2020   HB 171.5 FRA 2004 B015193 10/05/2020 C-2 10/05/2020 Books    
            City Campus Library City Campus Library   10/15/2020   HB172 FRA 2004 003824 10/15/2020 c.3 10/15/2020 Books    
            City Campus Library City Campus Library   10/15/2020 1 HB172 FRA 2004 001865 05/22/2023 c.4 10/15/2020 Books 05/15/2023  
          Non-fiction Mashava Campus Library Mashava Campus Library General Stacks 05/04/2021   HB172 FRA 2004 B015868 05/04/2021 c.5 05/04/2021 Books   5457
          Non-fiction Mashava Campus Library Mashava Campus Library General Stacks 05/04/2021   HB172 FRA 2004 B015393 05/04/2021 c.6 05/04/2021 Books   5451
          Non-fiction Mashava Campus Library Mashava Campus Library General Stacks 05/04/2021   HB 171.5 FRA 2011 B015192 05/04/2021 c.7 05/04/2021 Books   5456
          Non-fiction Mashava Campus Library Mashava Campus Library General Stacks 05/04/2021   HB 171.5 FRA 2011 B018095 05/04/2021 c.8 05/04/2021 Books   5453
          Non-fiction Mashava Campus Library Mashava Campus Library General Stacks 05/04/2006   HB171.5 FRA 2004 B015194 05/04/2021 c.9 05/04/2021 Books   5454